NHL Starting Goaltenders of the 2020s - Statistics

General Stats
  • This quiz has been taken 84 times
    44 since last reset
  • The average score is 174 of 318
Answer Stats
% Correct
Florida Panthers 295 Sergei Bobrovsky
97%
New York Islanders 302 Ilya Sorokin
94%
Anaheim Ducks 215 John Gibson
94%
Detroit Red Wings 57 John Gibson
94%
Edmonton Oilers 191 Stuart Skinner
94%
Pittsburgh Penguins 27 Stuart Skinner
94%
Tampa Bay Lightning 338 Andrei Vasilevskiy
92%
New York Rangers 308 Igor Shesterkin
92%
Boston Bruins 237 Jeremy Swayman
92%
Los Angeles Kings 95 Jonathan Quick
92%
New York Rangers 70 Jonathan Quick
92%
Vegas Golden Knights 9 Jonathan Quick
92%
Nashville Predators 346 Juuse Saros
92%
Boston Bruins 126 Linus Ullmark
92%
Buffalo Sabres 20 Linus Ullmark
92%
Ottawa Senators 92 Linus Ullmark
92%
Arizona Coyotes 23 Scott Wedgewood
92%
Colorado Avalanche 61 Scott Wedgewood
92%
Dallas Stars 53 Scott Wedgewood
92%
Nashville Predators 4 Scott Wedgewood
92%
New Jersey Devils 17 Scott Wedgewood
92%
Edmonton Oilers 16 Tristan Jarry
92%
Pittsburgh Penguins 237 Tristan Jarry
92%
Calgary Flames 212 Jacob Markstrom
89%
New Jersey Devils 92 Jacob Markstrom
89%
Dallas Stars 296 Jake Oettinger
89%
St. Louis Blues 286 Jordan Binnington
89%
Anaheim Ducks 162 Lukas Dostal
89%
Chicago Blackhawks 45 Marc-Andre Fleury
89%
Minnesota Wild 114 Marc-Andre Fleury
89%
Vegas Golden Knights 36 Marc-Andre Fleury
89%
Arizona Coyotes 27 Darcy Kuemper
86%
Colorado Avalanche 57 Darcy Kuemper
86%
Los Angeles Kings 100 Darcy Kuemper
86%
Washington Capitals 86 Darcy Kuemper
86%
Minnesota Wild 187 Filip Gustavsson
86%
Ottawa Senators 23 Filip Gustavsson
86%
Carolina Hurricanes 157 Frederik Andersen
86%
Toronto Maple Leafs 23 Frederik Andersen
86%
Montreal Canadiens 57 Jakub Dobes
86%
Colorado Avalanche 72 Mackenzie Blackwood
86%
New Jersey Devils 79 Mackenzie Blackwood
86%
San Jose Sharks 58 Mackenzie Blackwood
86%
Chicago Blackhawks 70 Spencer Knight
86%
Florida Panthers 70 Spencer Knight
86%
Arizona Coyotes 17 Adin Hill
83%
San Jose Sharks 22 Adin Hill
83%
Vegas Golden Knights 137 Adin Hill
83%
Montreal Canadiens 192 Samuel Montembeault
83%
Montreal Canadiens 30 Carey Price
81%
Winnipeg Jets 354 Connor Hellebuyck
81%
Arizona Coyotes 74 Connor Ingram
81%
Edmonton Oilers 30 Connor Ingram
81%
Nashville Predators 3 Connor Ingram
81%
Utah Mammoth 22 Connor Ingram
81%
Toronto Maple Leafs 113 Joseph Woll
81%
Arizona Coyotes 131 Karel Vejmelka
81%
Utah Mammoth 118 Karel Vejmelka
81%
Vegas Golden Knights 95 Logan Thompson
81%
Washington Capitals 100 Logan Thompson
81%
Colorado Avalanche 39 Philipp Grubauer
81%
Seattle Kraken 178 Philipp Grubauer
81%
New York Islanders 123 Semyon Varlamov
81%
Buffalo Sabres 185 Ukko-Pekka Luukkonen
81%
Anaheim Ducks 42 Anthony Stolarz
78%
Florida Panthers 24 Anthony Stolarz
78%
Toronto Maple Leafs 58 Anthony Stolarz
78%
Detroit Red Wings 68 Cam Talbot
78%
Los Angeles Kings 52 Cam Talbot
78%
Minnesota Wild 81 Cam Talbot
78%
Ottawa Senators 32 Cam Talbot
78%
Philadelphia Flyers 148 Carter Hart
78%
Vegas Golden Knights 18 Carter Hart
78%
Tampa Bay Lightning 2 Christopher Gibson
78%
Buffalo Sabres 55 Craig Anderson
78%
Washington Capitals 2 Craig Anderson
78%
Boston Bruins 5 Dan Vladar
78%
Calgary Flames 90 Dan Vladar
78%
Columbus Blue Jackets 227 Elvis Merzlikins
78%
Minnesota Wild 38 Jesper Wallstedt
78%
Anaheim Ducks 22 Ville Husso
78%
Detroit Red Wings 82 Ville Husso
78%
St. Louis Blues 53 Ville Husso
78%
Buffalo Sabres 34 Alex Lyon
75%
Carolina Hurricanes 2 Alex Lyon
75%
Detroit Red Wings 69 Alex Lyon
75%
Florida Panthers 14 Alex Lyon
75%
Philadelphia Flyers 5 Alex Lyon
75%
Philadelphia Flyers 51 Dan Vladar
75%
Calgary Flames 124 Dustin Wolf
75%
Anaheim Ducks 2 James Reimer
75%
Buffalo Sabres 19 James Reimer
75%
Carolina Hurricanes 21 James Reimer
75%
Detroit Red Wings 20 James Reimer
75%
Ottawa Senators 13 James Reimer
75%
San Jose Sharks 87 James Reimer
75%
Carolina Hurricanes 39 Brandon Bussi
72%
Dallas Stars 52 Casey DeSmith
72%
Pittsburgh Penguins 74 Casey DeSmith
72%
Vancouver Canucks 27 Casey DeSmith
72%
Montreal Canadiens 124 Jake Allen
72%
New Jersey Devils 77 Jake Allen
72%
Columbus Blue Jackets 73 Jet Greaves
72%
Anaheim Ducks 8 Petr Mrazek
72%
Carolina Hurricanes 12 Petr Mrazek
72%
Chicago Blackhawks 124 Petr Mrazek
72%
Detroit Red Wings 5 Petr Mrazek
72%
Toronto Maple Leafs 18 Petr Mrazek
72%
Vancouver Canucks 222 Thatcher Demko
72%
Colorado Avalanche 141 Alexandar Georgiev
69%
New York Rangers 46 Alexandar Georgiev
69%
San Jose Sharks 30 Alexandar Georgiev
69%
Carolina Hurricanes 23 Alex Nedeljkovic
69%
Detroit Red Wings 65 Alex Nedeljkovic
69%
Pittsburgh Penguins 68 Alex Nedeljkovic
69%
San Jose Sharks 34 Alex Nedeljkovic
69%
Detroit Red Wings 5 Calvin Pickard
69%
Edmonton Oilers 64 Calvin Pickard
69%
Calgary Flames 12 David Rittich
69%
Los Angeles Kings 53 David Rittich
69%
Nashville Predators 12 David Rittich
69%
New York Islanders 28 David Rittich
69%
Toronto Maple Leafs 3 David Rittich
69%
Winnipeg Jets 18 David Rittich
69%
Ottawa Senators 6 Joey Daccord
69%
Seattle Kraken 155 Joey Daccord
69%
Boston Bruins 52 Joonas Korpisalo
69%
Columbus Blue Jackets 74 Joonas Korpisalo
69%
Los Angeles Kings 11 Joonas Korpisalo
69%
Ottawa Senators 49 Joonas Korpisalo
69%
Nashville Predators 2 Yaroslav Askarov
69%
San Jose Sharks 59 Yaroslav Askarov
69%
Pittsburgh Penguins 38 Arturs Silovs
67%
Vancouver Canucks 18 Arturs Silovs
67%
St. Louis Blues 4 Charlie Lindgren
67%
Washington Capitals 132 Charlie Lindgren
67%
Montreal Canadiens 17 Jacob Fowler
67%
Edmonton Oilers 57 Mike Smith
67%
Nashville Predators 21 Pekka Rinne
67%
Dallas Stars 22 Braden Holtby
64%
Vancouver Canucks 21 Braden Holtby
64%
Buffalo Sabres 29 Eric Comrie
64%
New Jersey Devils 1 Eric Comrie
64%
Winnipeg Jets 60 Eric Comrie
64%
Chicago Blackhawks 66 Kevin Lankinen
64%
Nashville Predators 35 Kevin Lankinen
64%
Vancouver Canucks 92 Kevin Lankinen
64%
Los Angeles Kings 31 Anton Forsberg
61%
Ottawa Senators 132 Anton Forsberg
61%
Buffalo Sabres 6 Jonas Johansson
61%
Colorado Avalanche 15 Jonas Johansson
61%
Florida Panthers 2 Jonas Johansson
61%
Tampa Bay Lightning 65 Jonas Johansson
61%
Carolina Hurricanes 120 Pyotr Kochetkov
61%
Philadelphia Flyers 133 Samuel Ersson
61%
Boston Bruins 28 Tuukka Rask
61%
Calgary Flames 26 Devin Cooley
58%
San Jose Sharks 6 Devin Cooley
58%
Edmonton Oilers 39 Jack Campbell
58%
Toronto Maple Leafs 69 Jack Campbell
58%
Colorado Avalanche 24 Justus Annunen
58%
Nashville Predators 43 Justus Annunen
58%
Philadelphia Flyers 33 Martin Jones
58%
San Jose Sharks 34 Martin Jones
58%
Seattle Kraken 42 Martin Jones
58%
Toronto Maple Leafs 19 Martin Jones
58%
Chicago Blackhawks 101 Arvid Soderblom
56%
St. Louis Blues 106 Joel Hofer
56%
Dallas Stars 4 Matt Murray
56%
Ottawa Senators 45 Matt Murray
56%
Seattle Kraken 4 Matt Murray
56%
Toronto Maple Leafs 28 Matt Murray
56%
Columbus Blue Jackets 61 Daniil Tarasov
53%
Florida Panthers 31 Daniil Tarasov
53%
Buffalo Sabres 3 Malcolm Subban
53%
Chicago Blackhawks 14 Malcolm Subban
53%
Columbus Blue Jackets 1 Malcolm Subban
53%
Vegas Golden Knights 63 Robin Lehner
53%
Florida Panthers 7 Vitek Vanecek
53%
New Jersey Devils 77 Vitek Vanecek
53%
San Jose Sharks 17 Vitek Vanecek
53%
Utah Mammoth 19 Vitek Vanecek
53%
Washington Capitals 75 Vitek Vanecek
53%
Arizona Coyotes 11 Antti Raanta
50%
Carolina Hurricanes 72 Antti Raanta
50%
Toronto Maple Leafs 80 Ilya Samsonov
50%
Vegas Golden Knights 29 Ilya Samsonov
50%
Washington Capitals 57 Ilya Samsonov
50%
San Jose Sharks 1 Laurent Brossoit
50%
Vegas Golden Knights 31 Laurent Brossoit
50%
Winnipeg Jets 33 Laurent Brossoit
50%
Edmonton Oilers 68 Mikko Koskinen
47%
Buffalo Sabres 36 Devon Levi
44%
Buffalo Sabres 9 Aaron Dell
42%
New Jersey Devils 5 Aaron Dell
42%
San Jose Sharks 3 Aaron Dell
42%
New Jersey Devils 33 Akira Schmid
42%
Vegas Golden Knights 32 Akira Schmid
42%
Montreal Canadiens 43 Cayden Primeau
42%
Toronto Maple Leafs 3 Cayden Primeau
42%
Toronto Maple Leafs 20 Dennis Hildeby
42%
Detroit Red Wings 23 Jonathan Bernier
42%
New Jersey Devils 8 Jonathan Bernier
42%
Colorado Avalanche 1 Kaapo Kahkonen
42%
Minnesota Wild 46 Kaapo Kahkonen
42%
New Jersey Devils 6 Kaapo Kahkonen
42%
San Jose Sharks 74 Kaapo Kahkonen
42%
Los Angeles Kings 44 Pheonix Copley
42%
Washington Capitals 1 Pheonix Copley
42%
Philadelphia Flyers 15 Aleksei Kolosov
39%
Chicago Blackhawks 11 Collin Delia
39%
Vancouver Canucks 18 Collin Delia
39%
Philadelphia Flyers 25 Ivan Fedotov
39%
Columbus Blue Jackets 10 Michael Hutchinson
39%
Detroit Red Wings 1 Michael Hutchinson
39%
Toronto Maple Leafs 9 Michael Hutchinson
39%
New Jersey Devils 50 Nico Daws
39%
Colorado Avalanche 34 Pavel Francouz
39%
Chicago Blackhawks 1 Anton Khudobin
36%
Dallas Stars 39 Anton Khudobin
36%
Los Angeles Kings 76 Cal Petersen
36%
Philadelphia Flyers 4 Cal Petersen
36%
Boston Bruins 17 Jaroslav Halak
36%
New York Rangers 24 Jaroslav Halak
36%
Vancouver Canucks 14 Jaroslav Halak
36%
Philadelphia Flyers 26 Brian Elliott
33%
Tampa Bay Lightning 39 Brian Elliott
33%
Colorado Avalanche 5 Devan Dubnyk
33%
San Jose Sharks 13 Devan Dubnyk
33%
Ottawa Senators 32 Leevi Merilainen
33%
Columbus Blue Jackets 2 Matiss Kivlenieks
33%
Carolina Hurricanes 13 Spencer Martin
33%
Columbus Blue Jackets 10 Spencer Martin
33%
New York Rangers 4 Spencer Martin
33%
Vancouver Canucks 33 Spencer Martin
33%
Montreal Canadiens 3 Andrew Hammond
31%
Ottawa Senators 7 Andrew Hammond
31%
Florida Panthers 23 Chris Driedger
31%
Seattle Kraken 26 Chris Driedger
31%
Buffalo Sabres 38 Dustin Tokarski
31%
Carolina Hurricanes 6 Dustin Tokarski
31%
Pittsburgh Penguins 2 Dustin Tokarski
31%
Pittsburgh Penguins 12 Joel Blomqvist
31%
Anaheim Ducks 14 Ryan Miller
31%
Detroit Red Wings 57 Thomas Greiss
31%
St. Louis Blues 16 Thomas Greiss
31%
Toronto Maple Leafs 21 Erik Kallgren
28%
Chicago Blackhawks 6 Jaxson Stauber
28%
Utah Mammoth 4 Jaxson Stauber
28%
Boston Bruins 1 Keith Kinkaid
28%
New York Rangers 8 Keith Kinkaid
28%
Calgary Flames 1 Louis Domingue
28%
New York Rangers 2 Louis Domingue
28%
Pittsburgh Penguins 2 Louis Domingue
28%
Ottawa Senators 26 Mads Sogaard
28%
Buffalo Sabres 14 Colten Ellis
25%
Tampa Bay Lightning 12 Curtis McElhinney
25%
Philadelphia Flyers 26 Felix Sandstrom
25%
Arizona Coyotes 11 Ivan Prosvetov
25%
Colorado Avalanche 8 Ivan Prosvetov
25%
New York Islanders 11 Marcus Hogberg
25%
Ottawa Senators 10 Marcus Hogberg
25%
Vancouver Canucks 19 Nikita Tolopilo
25%
Chicago Blackhawks 24 Alex Stalock
22%
San Jose Sharks 1 Alex Stalock
22%
New York Islanders 1 Cory Schneider
22%
Chicago Blackhawks 4 Drew Commesso
22%
New York Rangers 3 Dylan Garand
22%
Washington Capitals 5 Hunter Shepard
22%
Columbus Blue Jackets 2 Jon Gillies
22%
New Jersey Devils 14 Jon Gillies
22%
St. Louis Blues 1 Jon Gillies
22%
San Jose Sharks 8 Magnus Chrona
22%
Detroit Red Wings 14 Magnus Hellberg
22%
Ottawa Senators 1 Magnus Hellberg
22%
Pittsburgh Penguins 1 Magnus Hellberg
22%
Pittsburgh Penguins 4 Sergei Murashov
22%
Colorado Avalanche 4 Trent Miner
22%
Calgary Flames 1 Arsenii Sergeev
19%
Toronto Maple Leafs 2 Artur Akhtyamov
19%
Arizona Coyotes 3 Carter Hutton
19%
Buffalo Sabres 12 Carter Hutton
19%
Los Angeles Kings 1 Garret Sparks
19%
Vancouver Canucks 1 Jiri Patera
19%
Vegas Golden Knights 7 Jiri Patera
19%
Pittsburgh Penguins 1 Maxime Lagace
19%
Tampa Bay Lightning 2 Maxime Lagace
19%
Vancouver Canucks 1 Michael DiPietro
19%
Winnipeg Jets 1 Thomas Milic
19%
San Jose Sharks 2 Alexei Melnichuk
17%
Tampa Bay Lightning 2 Brandon Halverson
17%
Vegas Golden Knights 8 Carl Lindbom
17%
Ottawa Senators 2 Dylan Ferguson
17%
San Jose Sharks 6 Georgi Romanov
17%
Colorado Avalanche 5 Hunter Miska
17%
San Jose Sharks 7 Josef Korenar
17%
Seattle Kraken 3 Nikke Kokko
17%
Edmonton Oilers 1 Olivier Rodrigue
17%
Anaheim Ducks 1 Olle Eriksson Ek
17%
Washington Capitals 5 Clay Stevenson
14%
Los Angeles Kings 1 Erik Portillo
14%
New York Islanders 1 Jakub Skarek
14%
Tampa Bay Lightning 6 Matt Tomkins
14%
Buffalo Sabres 6 Michael Houser
14%
Vegas Golden Knights 1 Oscar Dansk
14%
Seattle Kraken 1 Victor Ostman
14%
New York Rangers 1 Adam Huska
11%
Seattle Kraken 1 Ales Stezka
11%
San Jose Sharks 1 Eetu Makiniemi
11%
Carolina Hurricanes 1 Jack LaFontaine
11%
Arizona Coyotes 1 Matt Villalta
11%
Utah Mammoth 1 Matt Villalta
11%
Los Angeles Kings 2 Troy Grosenick
11%
Washington Capitals 3 Zach Fucale
11%
Arizona Coyotes 4 Harri Sateri
8%
Columbus Blue Jackets 6 J-F Berube
8%
Ottawa Senators 3 Kevin Mandolese
8%
San Jose Sharks 3 Zachary Sawchenko
6%
No matching quizzes found
Score Distribution
Percent of People with Each Score
Percentile by Number Answered
Your Score History
You have not taken this quiz since the last reset